West Ham United Quiz - Statistics

General Stats
  • This quiz has been taken 553 times
  • The average score is 5 of 15
Answer Stats
Hint Answer % Correct
Who did West ham play in this game? Arsenal
78%
Who scored the winning goal in the 1980 FA cup final? Trevor Brooking
62%
In what year were the club formed? 1895
60%
What is West hams Highest finish in the top division? 3rd in the first division 1985-86
60%
In 1923 who did west ham play in their first FA cup final apperance? Bolton
60%
what was the previous name of the club before West ham? Thames Ironworks
57%
Other than the Hammers, what is West Hams other nickname? The Irons
52%
Who is West hams shortest serving manager? Lou Macari (He lasted 7 months)
26%
Who is west hams all time leading goal scorer? Vic Watson
26%
In which season did West ham make their football league debut? 1919-1920
14%
Who was west hams first manager? Syd King
11%
What is West hams record attendance? 42,322
6%
Where did the club play their first home games? Memorial recreation ground
1%
What does West hams motto "Mummiarnis Queeno sempo amighto" roughly translate to? Gawd Bless the Queen Mother
0%
Which two West ham players scored in the 1966 world cup final? Geoff hurst Martin peteres
0%
No matching quizzes found
Score Distribution
Percent of People with Each Score
Percentile by Number Answered
Your Score History
You have not taken this quiz